[Event "SUI-ch 119th"]
[Site "Leukerbad"]
[Date "2019.07.11"]
[Round "1"]
[White "Gallagher, Joseph G"]
[Black "Georgiadis, Nico"]
[Result "0-1"]
[WhiteElo "2437"]
[BlackElo "2514"]
[PlyCount "112"]
[EventDate "2019.07.11"]
[EventType "tourn"]
[EventRounds "9"]
[EventCountry "SUI"]
[EventCategory "6"]
[SourceTitle "EXT 2020"]
[Source "ChessBase"]
[SourceDate "2019.10.17"]
[SourceVersion "1"]
[SourceVersionDate "2019.10.17"]
[SourceQuality "1"]

1. e4 c5 2. Nf3 d6 3. Bb5+ Nd7 4. 0-0 a6 5. Bd3 Ngf6 6. Re1 e6 7. a4 b6 8. c3 Bb7 9. Na3 Qc7 10. Qe2 Be7 11. Bc2 Rc8 12. d3 0-0 13. h3 Rfe8 14. Bf4 Nf8 15. Bh2 Ng6 16. d4 cxd4 17. cxd4 Qd7 18. Nb1 d5 19. e5 Ne4 20. Bd3 Bb4 21. Nbd2 a5 22. Qe3 Rc7 23. Red1 Nxd2 24. Nxd2 Bc6 25. Bc2 b5 26. axb5 Bxb5 27. Bb1 Rec8 28. Nb3 a4 29. Nc1 h6 30. Nd3 Be7 31. Bg3 Bc4 32. Nf4 Bg5 33. Qf3 Bb3 34. Re1 Bxf4 35. Bxf4 Bc2 36. Bd2 Bxb1 37. Rexb1 Rc4 38. Qd3 Qb5 39. Kh2 Rb8 40. Ra3 Qb6 41. Be3 Ne7 42. Qd1 Qb4 43. Rba1 Qxb2 44. Rxa4 Nf5 45. Ra8 Rxa8 46. Rxa8+ Kh7 47. Qf3 Qb7 48. Rf8 Qe7 49. Ra8 Nxd4 50. Bxd4 Rxd4 51. Qe3 Qh4 52. Ra7 Qf4+ 53. Qxf4 Rxf4 54. Kg3 g5 55. h4 Kg6 56. hxg5 hxg5 0-1

[Event "SUI-chT"]
[Site "Switzerland"]
[Date "2019.05.04"]
[Round "3.1"]
[White "Georgiadis, Nico"]
[Black "Gallagher, Joseph G"]
[Result "1-0"]
[WhiteElo "2525"]
[BlackElo "2441"]
[PlyCount "97"]
[EventDate "2019.03.10"]
[EventType "team-tourn"]
[EventRounds "9"]
[EventCountry "SUI"]
[SourceTitle "CBM 190 Extra"]
[Source "ChessBase"]
[SourceDate "2019.07.15"]
[SourceVersion "1"]
[SourceVersionDate "2019.07.15"]
[SourceQuality "1"]
[WhiteTeam "Winterthur"]
[BlackTeam "Reti"]
[WhiteTeamCountry "SUI"]
[BlackTeamCountry "SUI"]

1. d4 f5 2. g3 Nf6 3. Bg2 g6 4. Nf3 Bg7 5. c4 0-0 6. 0-0 d6 7. Nc3 e6 8. b3 Nc6 9. Ba3 Ne4 10. Rc1 Nxc3 11. Rxc3 a5 12. e3 Bd7 13. Ne1 Nb4 14. Bxb4 axb4 15. Rc2 c5 16. Bxb7 Ra7 17. Bg2 Qb6 18. Rd2 Bc8 19. Nf3 h6 20. Qc2 Bb7 21. dxc5 dxc5 22. Nh4 g5 23. Bxb7 Qxb7 24. Ng2 Rfa8 25. Rfd1 Bf6 26. Ne1 Qe4 27. Qd3 Qxd3 28. Nxd3 Ra5 29. Nc1 Kf7 30. Rd7+ Be7 31. Kg2 e5 32. Nd3 R8a7 33. Nxc5 Rxd7 34. Nxd7 Rxa2 35. Nxe5+ Ke6 36. Nc6 Bc5 37. Rd3 f4 38. gxf4 gxf4 39. exf4 Rxf2+ 40. Kg3 Rb2 41. h3 Rc2 42. Rd5 Rc3+ 43. Kg4 Bf8 44. h4 Kf7 45. Rd3 Rc1 46. Kf5 Ra1 47. Rd7+ Kg8 48. Nd8 Ra5+ 49. Kf6 1-0